| 000 | 00543nam a2200193Ia 4500 | ||
|---|---|---|---|
| 003 | GCL | ||
| 008 | 140319s9999 xx 000 0 ara d | ||
| 040 |
_aGCL / _cGCL |
||
| 082 | 0 | 4 |
_a952 _bت ى |
| 100 | 1 | _aتيدمان، ارثر | |
| 245 | 1 | 0 |
_aاليابان الحديثة / _cتيدمان، ارثر |
| 700 | 1 | _aوديع سعيد | |
| 300 | _a201 ص | ||
| 490 |
_aالالف كتاب _v0 |
||
| 650 | 0 | 4 | _aاليابان |
| 650 | 0 | 4 | _aالتاريخ |
| 650 | 0 | 4 | _aالحرب العالمية الاولى 1914- 1918 |
| 942 |
_2ddc _cBK |
||
| 999 |
_c45357 _d45357 |
||